| 000 | 00749cam a2200241 4500 | ||
|---|---|---|---|
| 001 | ABS66678 | ||
| 008 | 030522n2003 000 0 eng u | ||
| 035 | _a(Sirsi) u122375 | ||
| 245 | _aRegional survey: Staffordshire and Shropshire | ||
| 260 | _c2003 | ||
| 490 |
_aProperty Week _v68(15) 17April 2003, 49-60(8) |
||
| 590 | _aABS | ||
| 650 | _aSTAFFORDSHIRE | ||
| 650 | _aSHROPSHIRE | ||
| 650 | _aSTOKE-ON-TRENT | ||
| 650 | _aTELFORD | ||
| 650 | _aSHREWSBURY | ||
| 650 | _aBRIDGNORTH | ||
| 650 | _aPROPERTY-COMMERCIAL PROPERTY-OFFICE PROPERTY-OFFICE PROPERTY MARKET | ||
| 650 | _aPROPERTY-COMMERCIAL PROPERTY-RETAIL PROPERTY-RETAIL PROPERTY MARKET | ||
| 690 | _aPROPERTY-COMMERCIAL PROPERTY-COMMERCIAL PROPERTY MARKET | ||
| 942 | _n0 | ||
| 999 |
_c72732 _d72732 |
||